عرض عادي
عرض مارك
- Smith, Geoffrey B.
مدخل إسم شخص
001 - رقم الضبط
- حقل الضبط: 19208
003 - معرف رقم الضبط
- حقل الضبط: OSt
005 - تاريخ ووقت أخر عملية
- حقل الضبط: 20121229181152.0
008 - عناصر بيانات ثابتة الطول
- حقل تحكم ثابت الطول: 121229|||a|||||| | ||| d
040 ## - مصدر الفهرسة
- هيئة الفهرسة الأصلية: OSt
- وكالة الكتابة: OSt
100 ## - مدخل -- أسم شخص
- إسم شخص: Smith, Geoffrey B.
- الشكل الكامل للاسم: (Geoffrey Beaton)
670 ## - بيانات المصدر موجوده
- الاستشهاد بالمصدر: Work cat.: (OSt)0: Smith, Geoffrey B. (Geoffrey Beaton), Green nanotechnology :, c2011.
